[Event "RUS-ch Rapid Men 2018"]
[Site "Sochi"]
[Date "2018.10.05"]
[Round "2"]
[White "Ivlev, Aleksey"]
[Black "Grachev, Boris"]
[Result "1-0"]
[WhiteElo "2326"]
[BlackElo "2626"]
[Annotator "ChessBase"]
[PlyCount "75"]
[EventDate "2018.10.05"]
[EventType "swiss"]
[EventCountry "RUS"]
[SourceTitle "playchess.com"]
[Source "ChessBase"]
[SourceQuality "1"]
[TimeControl "900+10"]

1. d4 {[%emt 0:00:00]} d5 {[%emt 0:00:05]} 2. c4 {[%emt 0:00:00]} e6 {[%emt 0:00:01]} 3. Nf3 {[%emt 0:00:00]} Nf6 {[%emt 0:00:02]} 4. g3 {[%emt 0:00:00]} dxc4 {[%emt 0:00:02]} 5. Bg2 {[%emt 0:00:01]} Bd7 {[%emt 0:00:01]} 6. Ne5 {[%emt 0:00:25]} Bc6 {[%emt 0:00:01]} 7. Nxc6 {[%emt 0:00:06]} Nxc6 {[%emt 0:00:02]} 8. Qa4 {[%emt 0:00:15]} Qd7 {[%emt 0:00:16]} 9. Qxc4 {[%emt 0:03:08]} Nxd4 {[%emt 0:00:13]} 10. Bxb7 {[%emt 0:01:24]} Rb8 {[%emt 0:00:03]} 11. Bg2 {[%emt 0:00:19]} Bb4+ {[%emt 0:00:38]} 12. Nd2 {[%emt 0:03:01]} O-O {[%emt 0:03:32]} 13. O-O {[%emt 0:02:38]} Bxd2 {[%emt 0:01:16]} 14. Bxd2 {[%emt 0:00:01]} Rxb2 {[%emt 0:00:02]} 15. Be3 {[%emt 0:01:57]} Nc2 {[%emt 0:00:59]} 16. Bc1 {[%emt 0:00:22]} Qb5 {[%emt 0:03:37]} 17. Qc3 {[%emt 0:00:31]} Rb1 {[%emt 0:02:41]} 18. Rxb1 {[%emt 0:00:02]} Qxb1 {[%emt 0:00:02]} 19. Ba3 {[%emt 0:00:04]} Qxa2 {[%emt 0:03:36]} 20. Bxf8 {[%emt 0:00:03]} Kxf8 {[%emt 0:00:02]} 21. Rc1 {[%emt 0:00:07]} Na3 {[%emt 0:00:02]} 22. Ra1 {[%emt 0:00:07]} Qxe2 {[%emt 0:00:02]} 23. Qxa3+ {[%emt 0:00:12]} Kg8 {[%emt 0:00:01]} 24. Qf3 {[%emt 0:00:05]} Qxf3 {[%emt 0:00:47]} 25. Bxf3 {[%emt 0:00:01]} g5 {[%emt 0:00:02]} 26. Rxa7 {[%emt 0:00:06]} g4 {[%emt 0:00:01]} 27. Bc6 {[%emt 0:00:08]} Kg7 {[%emt 0:00:02]} 28. Rxc7 {[%emt 0:00:02]} h5 {[%emt 0:00:02]} 29. Kg2 {[%emt 0:00:22]} Kg6 {[%emt 0:00:07]} 30. Kf1 {[%emt 0:01:08]} Nh7 {[%emt 0:00:22]} 31. Ke2 {[%emt 0:00:08]} Ng5 {[%emt 0:00:02]} 32. Ke3 {[%emt 0:00:04]} Kf6 {[%emt 0:00:19]} 33. f4 {[%emt 0:00:16]} gxf3 {[%emt 0:00:27]} 34. Bxf3 {[%emt 0:00:09]} Kg6 {[%emt 0:00:03]} 35. h4 {[%emt 0:00:10]} Nh7 {[%emt 0:00:02]} 36. Bxh5+ {[%emt 0:00:48]} Kxh5 {[%emt 0:00:04]} 37. Rxf7 {[%emt 0:00:01]} Kg6 {[%emt 0:00:01]} 38. Rxh7 {[%emt 0:00:03]} 1-0

[Event "RUS-ch Rapid Men 2018"]
[Site "Sochi"]
[Date "2018.10.05"]
[Round "2"]
[White "Inozemtsev, Sergei"]
[Black "Demidov, Mikhail"]
[Result "0-1"]
[WhiteElo "2310"]
[BlackElo "2514"]
[Annotator "ChessBase"]
[PlyCount "104"]
[EventDate "2018.10.05"]
[EventType "swiss"]
[EventCountry "RUS"]
[SourceTitle "playchess.com"]
[Source "ChessBase"]
[SourceQuality "1"]
[TimeControl "900+10"]

1. e4 {[%emt 0:00:00]} Nf6 {[%emt 0:00:04]} 2. e5 {[%emt 0:00:56]} Nd5 {[%emt 0:00:01]} 3. d4 {[%emt 0:00:13]} d6 {[%emt 0:00:02]} 4. Nf3 {[%emt 0:00:07]} Nb6 {[%emt 0:00:08]} 5. Be2 {[%emt 0:00:29]} Bg4 {[%emt 0:00:21]} 6. Be3 {[%emt 0:00:49]} e6 {[%emt 0:00:10]} 7. O-O {[%emt 0:00:16]} Nc6 {[%emt 0:01:08]} 8. Nbd2 {[%emt 0:04:28]} Be7 {[%emt 0:00:16]} 9. Re1 {[%emt 0:02:00]} Nd5 {[%emt 0:00:21]} 10. exd6 {[%emt 0:01:37]} cxd6 {[%emt 0:00:12]} 11. c3 {[%emt 0:00:25]} O-O {[%emt 0:00:20]} 12. Nf1 {[%emt 0:00:16]} Bf6 {[%emt 0:00:14]} 13. Bd2 {[%emt 0:00:17]} Qb6 {[%emt 0:00:17]} 14. Qb3 {[%emt 0:00:16]} Qc7 {[%emt 0:00:09]} 15. Ng3 {[%emt 0:00:18]} Na5 {[%emt 0:00:55]} 16. Qa4 {[%emt 0:00:11]} Rfc8 {[%emt 0:00:21]} 17. Ne4 {[%emt 0:01:36]} Be7 {[%emt 0:00:15]} 18. Ng3 {[%emt 0:01:10]} a6 {[%emt 0:00:47]} 19. h3 {[%emt 0:00:10]} Bxf3 {[%emt 0:00:13]} 20. Bxf3 {[%emt 0:00:02]} Nc4 {[%emt 0:00:14]} 21. Bc1 {[%emt 0:00:13]} Nf6 {[%emt 0:00:21]} 22. Qc2 {[%emt 0:00:21]} d5 {[%emt 0:00:07]} 23. Ne2 {[%emt 0:00:17]} Bd6 {[%emt 0:00:16]} 24. Bg5 {[%emt 0:00:12]} Nd7 {[%emt 0:00:04]} 25. Nc1 {[%emt 0:00:05]} b5 {[%emt 0:00:24]} 26. Nd3 {[%emt 0:00:15]} a5 {[%emt 0:00:08]} 27. a3 {[%emt 0:00:03]} Rab8 {[%emt 0:00:13]} 28. b4 {[%emt 0:00:15]} h6 {[%emt 0:01:01]} 29. Bc1 {[%emt 0:00:30]} Ra8 {[%emt 0:00:06]} 30. Nc5 {[%emt 0:00:32]} Nf8 {[%emt 0:00:06]} 31. Ra2 {[%emt 0:00:07]} Ra7 {[%emt 0:00:09]} 32. Qb1 {[%emt 0:00:29]} Rca8 {[%emt 0:00:09]} 33. Ree2 {[%emt 0:00:09]} Bh2+ {[%emt 0:00:16]} 34. Kh1 {[%emt 0:00:06]} Bf4 {[%emt 0:00:01]} 35. Be3 {[%emt 0:00:35]} Qb8 {[%emt 0:01:01]} 36. Nd3 {[%emt 0:00:38]} Bxe3 {[%emt 0:00:08]} 37. fxe3 {[%emt 0:00:02]} axb4 {[%emt 0:00:12]} 38. axb4 {[%emt 0:00:15]} Rxa2 {[%emt 0:00:05]} 39. Rxa2 {[%emt 0:00:02]} Nxe3 {[%emt 0:00:10]} 40. Ne5 {[%emt 0:00:17]} Rxa2 {[%emt 0:01:06]} 41. Qxa2 {[%emt 0:00:02]} Qc7 {[%emt 0:00:22]} 42. Qd2 {[%emt 0:00:35]} Nf5 {[%emt 0:00:17]} 43. Kg1 {[%emt 0:00:13]} Nd7 {[%emt 0:00:31]} 44. Nd3 {[%emt 0:00:16]} Nb6 {[%emt 0:00:27]} 45. Nc5 {[%emt 0:00:07]} Nc4 {[%emt 0:00:06]} 46. Qe1 {[%emt 0:00:12]} Qd6 {[%emt 0:00:21]} 47. Bg4 {[%emt 0:00:11]} Nfe3 {[%emt 0:00:37]} 48. Bf3 {[%emt 0:00:10]} Qf4 {[%emt 0:00:53]} 49. Nd3 {[%emt 0:00:12]} Qg5 {[%emt 0:00:13]} 50. Qf2 {[%emt 0:00:08]} Nf5 {[%emt 0:00:14]} 51. Bg4 {[%emt 0:00:05]} Nfd6 {[%emt 0:00:04]} 52. Qf4 {[%emt 0:00:14]} Ne4 {[%emt 0:00:32]} 0-1

[Event "RUS-ch Rapid Men 2018"]
[Site "Sochi"]
[Date "2018.10.05"]
[Round "2"]
[White "Miroshnichenko, Pavel"]
[Black "Khanin, Semen"]
[Result "1/2-1/2"]
[WhiteElo "2275"]
[BlackElo "2510"]
[Annotator "ChessBase"]
[PlyCount "103"]
[EventDate "2018.10.05"]
[EventType "swiss"]
[EventCountry "RUS"]
[SourceTitle "playchess.com"]
[Source "ChessBase"]
[SourceQuality "1"]
[TimeControl "900+10"]

1. e4 {[%emt 0:00:00]} e5 {[%emt 0:00:00]} 2. Nf3 {[%emt 0:00:00]} Nc6 {[%emt 0:00:00]} 3. Nc3 {[%emt 0:00:00]} Nf6 {[%emt 0:00:00]} 4. g3 {[%emt 0:00:01]} d5 {[%emt 0:00:06]} 5. exd5 {[%emt 0:00:01]} Nxd5 {[%emt 0:00:02]} 6. Bg2 {[%emt 0:00:02]} Nxc3 {[%emt 0:00:17]} 7. bxc3 {[%emt 0:00:02]} Bc5 {[%emt 0:00:02]} 8. O-O {[%emt 0:00:02]} O-O {[%emt 0:00:02]} 9. d3 {[%emt 0:00:22]} Bb6 {[%emt 0:00:13]} 10. Be3 {[%emt 0:00:37]} Bg4 {[%emt 0:00:29]} 11. Qe1 {[%emt 0:00:33]} Re8 {[%emt 0:00:54]} 12. Nd2 {[%emt 0:00:20]} Nd4 {[%emt 0:00:08]} 13. cxd4 {[%emt 0:01:18]} exd4 {[%emt 0:00:02]} 14. Nc4 {[%emt 0:00:23]} dxe3 {[%emt 0:00:34]} 15. Nxb6 {[%emt 0:00:21]} axb6 {[%emt 0:00:19]} 16. fxe3 {[%emt 0:00:04]} c6 {[%emt 0:00:16]} 17. Qb4 {[%emt 0:02:06]} Be6 {[%emt 0:00:21]} 18. a4 {[%emt 0:00:01]} Ra6 {[%emt 0:00:32]} 19. Qf4 {[%emt 0:01:33]} Qe7 {[%emt 0:00:10]} 20. Be4 {[%emt 0:00:42]} Rea8 {[%emt 0:00:21]} 21. Qe5 {[%emt 0:01:45]} Ra5 {[%emt 0:01:56]} 22. Qd4 {[%emt 0:00:03]} Qc5 {[%emt 0:00:05]} 23. Qxc5 {[%emt 0:01:04]} bxc5 {[%emt 0:01:33]} 24. Rab1 {[%emt 0:00:48]} Bc8 {[%emt 0:03:06]} 25. Bf5 {[%emt 0:00:02]} b5 {[%emt 0:00:03]} 26. Be4 {[%emt 0:01:45]} R8a6 {[%emt 0:00:02]} 27. axb5 {[%emt 0:00:59]} cxb5 {[%emt 0:00:02]} 28. Bd5 {[%emt 0:00:01]} Be6 {[%emt 0:01:09]} 29. Bxe6 {[%emt 0:00:10]} Rxe6 {[%emt 0:00:02]} 30. Rf5 {[%emt 0:00:13]} b4 {[%emt 0:00:01]} 31. Kf2 {[%emt 0:00:10]} g6 {[%emt 0:00:02]} 32. Rd5 {[%emt 0:00:06]} Rc6 {[%emt 0:00:05]} 33. d4 {[%emt 0:02:14]} Ra2 {[%emt 0:01:27]} 34. Rxc5 {[%emt 0:00:02]} Rxc5 {[%emt 0:00:30]} 35. dxc5 {[%emt 0:00:01]} Rxc2+ {[%emt 0:00:02]} 36. Kf3 {[%emt 0:00:01]} Rxc5 {[%emt 0:01:39]} 37. Rxb4 {[%emt 0:00:02]} Kg7 {[%emt 0:00:01]} 38. h4 {[%emt 0:00:02]} Rf5+ {[%emt 0:00:03]} 39. Kg2 {[%emt 0:00:48]} Kf6 {[%emt 0:00:06]} 40. Ra4 {[%emt 0:00:09]} h5 {[%emt 0:00:25]} 41. Rb4 {[%emt 0:00:01]} Ke5 {[%emt 0:00:02]} 42. Ra4 {[%emt 0:00:14]} Rf6 {[%emt 0:00:34]} 43. Rb4 {[%emt 0:00:07]} Rd6 {[%emt 0:00:05]} 44. Kf3 {[%emt 0:00:07]} Rd5 {[%emt 0:00:44]} 45. Re4+ {[%emt 0:00:07]} Kf5 {[%emt 0:00:02]} 46. Rf4+ {[%emt 0:00:06]} Ke6 {[%emt 0:00:02]} 47. Re4+ {[%emt 0:00:01]} Re5 {[%emt 0:00:02]} 48. Ra4 {[%emt 0:00:03]} Rf5+ {[%emt 0:00:05]} 49. Kg2 {[%emt 0:00:04]} Ke5 {[%emt 0:00:08]} 50. Rb4 {[%emt 0:00:03]} f6 {[%emt 0:00:03]} 51. Ra4 {[%emt 0:00:08]} Ke6 {[%emt 0:00:04]} 52. e4 1/2-1/2

[Event "RUS-ch Rapid Men 2018"]
[Site "Sochi"]
[Date "2018.10.05"]
[Round "2"]
[White "Nazaretyan, Tigran"]
[Black "Iljiushenok, Ilia"]
[Result "1/2-1/2"]
[WhiteElo "2248"]
[BlackElo "2539"]
[Annotator "TA"]
[PlyCount "103"]
[EventDate "2018.10.05"]
[EventType "swiss"]
[EventCountry "RUS"]
[SourceTitle "playchess.com"]
[Source "ChessBase"]
[SourceQuality "1"]

{[%evp 17,103,42,60,35,43,39,54,27,36,18,21,21,11,11,93,77,106,91,105,81,133,129,130,76,103,113,130,110,106,114,129,127,108,122,153,104,128,52,58,41,56,43,66,43,163,106,212,102,71,73,83,7,11,0,0,0,0,0,0,0,14,0,-2,0,16,0,0,0,17,13,73,0,0,0,82,0,0,0,79,0,0,0,67,71,882,871,29972,11463]} 1. d4 d6 2. Nf3 g6 3. c4 Bg7 4. Nc3 Bg4 5. e3 c5 6. Be2 cxd4 7. exd4 Nc6 8. d5 {A35: Symmetrical English: 2 Nc3 Nc6 3 Nf3} Bxf3 9. Bxf3 Nd4 {LiveBook: 4 Games} (9... Ne5 10. Be2 Rc8 11. Qb3 Qc7 12. O-O a6 13. Be3 h5 14. Bb6 Qb8 15. h3 Nh6 {1-0 (37) Korobov,A (2692)-Onischuk,V (2601) Doha 2016}) 10. Bg4 {White is slightly better.} h5 11. Bh3 Nh6 12. Be3 $146 ({Predecessor:} 12. O-O Nhf5 13. Be3 O-O 14. Qd3 Qa5 15. Rad1 Qb4 {1-0 (32) Maghsoodloo,P (2576)-Ivekovic,B (2351) Bhubaneswar 2016}) 12... Nhf5 13. Qa4+ Kf8 14. O-O a6 15. Rac1 Bf6 (15... b5 $11 16. cxb5 axb5) 16. Qd1 $1 $16 Bg7 17. Ne4 Kg8 18. Kh1 b6 (18... Qa5 $142) 19. Ng3 h4 20. Ne4 (20. Nxf5 $142 Nxf5 21. Bxf5 gxf5 22. Qd3) 20... Rb8 21. b4 Be5 22. Bxd4 Nxd4 23. f4 Bg7 24. f5 gxf5 25. Bxf5 Rh6 26. Bh3 Qc7 27. c5 (27. Rf4 $16) 27... bxc5 28. bxc5 dxc5 29. Rxc5 Qb6 30. Qc1 {And now d6! would win.} Rd8 (30... Qb7 $14) 31. Rc8 (31. Qg5 Qb7 $16) (31. Rc7 $1 $18) 31... Rg6 (31... Rxc8 $16 32. Qxc8+ Bf8) 32. Qc5 (32. Qf4 $1 $18 {and White stays clearly on top.}) 32... Rxc8 33. Qxc8+ Kh7 {With the idea ...Qb5.} 34. Qe8 (34. Qc1 $16) 34... f5 $1 $11 {[%cal Rf5e4]} 35. Nd2 Qb2 36. Nb3 {Black must now prevent Nxd4.} Qe2 {[%cal Re2f1]} 37. Rg1 $1 Qf2 38. Nxd4 $1 ({Don't play} 38. Qxe7 Ne2 $19) 38... Bxd4 {[%csl Gd4][%cal Rf2g1]} 39. Qf7+ ({Much worse is} 39. Qxe7+ Rg7 $17) 39... Kh6 $1 {[%csl Gd4][%cal Rf2g1]} 40. Qf8+ Kh7 {[%csl Gd4][%cal Rf2g1]} 41. Qf7+ (41. Qxe7+ Rg7 $15) 41... Kh6 $1 {[%csl Gd4][%cal Rf2g1]} 42. Qf8+ Kh7 {[%csl Gd4][%cal Rf2g1]} 43. Rb1 {Threatens to win with d6.} ({Reject} 43. Qxe7+ Rg7 $15) 43... Bf6 (43... Bc5 $11) 44. Qf7+ ({White should play} 44. d6 $1 $16 Qc2 45. Rf1 exd6 46. Qxd6) 44... Kh6 45. Qf8+ Kh7 (45... Kg5 $11) 46. Qf7+ (46. d6 $1 $16 Qc2 47. Rf1 exd6 48. Qxd6) 46... Kh6 47. Qf8+ Kh7 {[#]} (47... Kg5 $11 {remains equal.}) 48. Qf7+ ({Better is} 48. d6 $1 $16 Qc2 49. Rf1 exd6 50. Qxd6) 48... Kh6 49. Qf8+ (49. d6 $11 Qc2 50. Rg1 exd6 51. Qa7) 49... Kh7 $14 50. d6 exd6 $2 {[%mdl 8192] [#]} (50... Qc2 $16 51. Rf1 exd6) 51. Rb7+ $1 $18 Rg7 {[#]} 52. Bxf5+ $1 {[%mdl 33280] Precision: White = 54%, Black = 35%. . An unexpected result.} 1/2-1/2

[Event "RUS-ch Rapid Men 2018"]
[Site "Sochi"]
[Date "2018.10.05"]
[Round "2"]
[White "Mikhailovsky, Vladimir"]
[Black "Maletin, Pavel"]
[Result "0-1"]
[WhiteElo "2185"]
[BlackElo "2586"]
[Annotator "TA"]
[PlyCount "102"]
[EventDate "2018.10.05"]
[EventType "swiss"]
[EventCountry "RUS"]
[SourceTitle "playchess.com"]
[Source "ChessBase"]
[SourceQuality "1"]

{[%evp 9,102,18,31,0,0,-10,-8,-9,-2,-13,-12,0,8,0,0,-21,-4,-21,-14,-19,-20,-14,0,-16,-14,-20,-20,-20,-21,-20,0,-21,-16,-29,0,-40,-27,-27,-22,-30,-27,-45,-23,-39,-25,-37,-44,-131,-129,-133,-128,-281,-319,-572,-572,-572,-572,-572,-578,-1537,-556,-559,-550,-550,-550,-573,-573,-612,-615,-606,-587,-700,-700,-700,-700,-684,-660,-781,-722,-947,-935,-1002,-878,-904,-857,-1520,-1295,-29973,-29974,-29969,-6063,-29983,-29984,-29986,-29987]} 1. e4 c5 2. Nf3 d6 3. d4 cxd4 4. Qxd4 a6 5. Nc3 (5. c4 Nc6 6. Qe3 Bg4 7. Nd4 g6 8. Nc3 Bg7 9. Nxc6 bxc6 10. h3 Be6 11. Be2 Nf6 12. O-O O-O 13. f4 Qa5 14. Bd2 {1-0 (50) Karjakin,S (2763)-Nepomniachtchi,I (2751) Moscow 2018}) 5... Nc6 {LiveBook: 10 Games} 6. Qd2 {B53: Sicilian: 2...d6: Lines with Qxd4} (6. Qd3 {feels hotter.} Nf6 7. Be2 Nb4 8. Qd1 e6 9. O-O) 6... Nf6 7. b3 e6 8. Bb2 {The position is equal.} Be7 9. Bd3 O-O 10. O-O $146 ({Predecessor:} 10. O-O-O b5 11. h3 Bb7 12. g4 Ne5 13. Nxe5 dxe5 {0-1 (28) Borisova,P-Doluhanova,E (2250) Pushchino 2011}) 10... b5 11. Rfe1 Bb7 12. Ne2 Qc7 13. Ng3 Ne5 14. Nxe5 dxe5 15. a4 b4 16. Qg5 Nxe4 17. Bxe5 {[%csl Ge5][%cal Rg5g7] [#]} Bxg5 18. Bxc7 Nxg3 19. hxg3 Rfc8 20. Bb6 a5 21. Rad1 Bd5 22. Re2 Bf6 23. Bb5 h5 24. Rd3 g6 25. Rd1 Kg7 26. Rd3 Rh8 27. Red2 Rhb8 28. Bc7 (28. Be3 $15) 28... Rc8 $17 29. Bb6 Be4 30. Rd7 $2 (30. Bd7 $17 {was necessary.} Rxc2 31. Rxc2 Bxd3 32. Rc7) 30... Bxc2 $19 31. Bc4 $2 {[#]} (31. Rb7 Bxb3 32. Rdd7 Rc1+ 33. Kh2) 31... Rxc4 $1 {[%mdl 512]} 32. bxc4 b3 {aiming for ...b2.} 33. Rd1 b2 34. c5 Rc8 (34... Bxa4 $142 35. c6 Bxd1 36. Rxd1 a4) 35. Rf1 b1=Q 36. Rxb1 Bxb1 37. Ra7 Bc3 38. Bxa5 Rxc5 39. Bb6 Rd5 40. a5 Bd4 41. Rb7 Bxb6 42. axb6 {[%mdl 4096] Endgame KRB-KR} Rb5 43. f3 Rb2 44. Kh2 Ba2 45. Kh3 Bd5 46. Rb8 g5 47. g4 hxg4+ 48. Kxg4 Rxg2+ 49. Kh3 Bxf3 50. b7 Rb2 51. Kg3 Bxb7 {Precision: White = 16%, Black = 64%.} 0-1

[Event "RUS-ch Rapid Men 2018"]
[Site "Sochi"]
[Date "2018.10.05"]
[Round "3"]
[White "Morozevich, Alexander"]
[Black "Orlinkov, Maxim L."]
[Result "1-0"]
[WhiteElo "2656"]
[BlackElo "2293"]
[Annotator "TA"]
[PlyCount "47"]
[EventDate "2018.10.05"]
[EventType "swiss"]
[EventCountry "RUS"]
[SourceTitle "playchess.com"]
[Source "ChessBase"]
[SourceQuality "1"]

{[%evp 16,47,65,56,71,57,50,66,69,69,66,67,91,103,148,64,97,95,85,89,108,84,374,413,394,404,427,413,418,399,747,746,1067,1057]} 1. e4 d5 2. exd5 Nf6 3. Nf3 Nxd5 4. d4 g6 5. c4 Nb6 6. Nc3 Bg7 7. h3 O-O 8. Be3 Nc6 9. Be2 {LiveBook: 76 Games} Re8 {B01: Scandinavian Defence} (9... e5 10. d5 Ne7 11. O-O Nf5 12. Bg5 f6 13. Bc1 c5 14. dxc6 bxc6 15. b3 Qe7 16. Ne4 Rd8 17. Qc2 Be6 18. a4 c5 19. Ba3 Rac8 20. Rad1 Nd7 21. Rfe1 {1-0 (39) Nepomniachtchi,I (2729)-Smagin,S (2551) Olginka 2011}) 10. O-O e5 {[%cal Re5d4]} 11. d5 Ne7 $1 {White is slightly better.} 12. g4 $146 ({Predecessor:} 12. Qb3 Nf5 13. c5 Nd4 14. Bxd4 exd4 15. Bb5 Bd7 16. cxb6 dxc3 17. bxc7 Qxc7 18. bxc3 Bxb5 19. Qxb5 Qxc3 20. Qxb7 {½-½ (45) Zherebukh,Y (2473)-Muzychuk,M (2436) Lvov 2008}) 12... f5 13. Qb3 e4 14. Ng5 $36 {[%mdl 2048] White has strong initiative.} h6 15. d6 (15. Rad1 $16) 15... cxd6 16. c5+ d5 17. cxb6 {[#] Strongly threatening Nxd5!} hxg5 18. bxa7 {And now Nxd5! would win.} f4 $2 {[%mdl 8192]} (18... Bxc3 $16 19. bxc3 (19. Qxc3 Nc6 $16) 19... f4) 19. Bb6 $18 Qd6 20. Nxe4 $1 Qe5 21. Nc3 Be6 22. Rfe1 Nc6 $2 {[#]} (22... Qd6 23. Rad1 Bxc3) 23. Bf3 d4 24. Rxe5 {Precision: White = 72%, Black = 40%.} 1-0

[Event "RUS-ch Rapid Men 2018"]
[Site "Sochi"]
[Date "2018.10.05"]
[Round "3"]
[White "Sjugirov, Sanan"]
[Black "Vastrukhin, Oleg"]
[Result "1-0"]
[WhiteElo "2654"]
[BlackElo "2413"]
[Annotator "TA"]
[PlyCount "80"]
[EventDate "2018.10.05"]
[EventType "swiss"]
[EventCountry "RUS"]
[SourceTitle "playchess.com"]
[Source "ChessBase"]
[SourceQuality "1"]

{[%evp 12,80,57,48,48,48,48,42,47,47,51,48,45,48,45,34,30,19,29,22,37,14,17,0,0,0,2,0,0,-24,0,0,19,0,13,8,30,24,63,15,89,89,71,64,84,77,72,79,87,87,83,35,133,104,110,91,114,81,199,195,257,177,347,351,350,341,333,329,333,325,1004]} 1. d4 g6 2. c4 Bg7 3. e4 d6 4. Nc3 e5 5. Nge2 Nc6 6. d5 Nce7 7. Ng3 f5 {A42: Modern Defence: Averbakh Variation} (7... h5 8. Be2 h4 9. Nf1 f5 10. Bg5 Bf6 11. Qd2 Nxd5 12. Bxf6 Ndxf6 13. exf5 gxf5 14. Ne3 Be6 15. Ned5 {0-1 (55) Badelka,O (2407)-Meshkov,Y (2322) Minsk 2018}) 8. exf5 Nxf5 9. Bd3 Nf6 {White is slightly better.} 10. Bg5 O-O 11. O-O $146 ({Predecessor:} 11. Nce4 c6 12. dxc6 bxc6 13. O-O d5 14. Nc3 e4 15. Bc2 {½-½ (57) Stajner,S (2272)-Khudovekov,S (2088) Nova Gorica 2012}) 11... Qe8 12. Qd2 h6 13. Bxf6 Rxf6 14. Nce4 Rf8 15. c5 dxc5 16. Nxc5 b6 17. Nce4 Bb7 18. Rac1 Qe7 19. Nc3 Rad8 20. Be4 a6 21. Qd3 {[%cal Re4f5]} Qf6 22. Rcd1 Kh7 23. Qb1 Nd6 24. Rd3 Qg5 25. Re3 Rf6 (25... Nf5 $11 {remains equal.} 26. Nxf5 gxf5) 26. Bd3 $36 {[%mdl 2048] [#] aiming for Nge4. White is on the roll.} Rf4 27. Nge4 Nxe4 28. Bxe4 Rd6 29. Rg3 Rg4 30. Rxg4 Qxg4 31. Qc2 Rd7 (31... c6 $14) 32. Nd1 {[%cal Bc3d1,Bd1e3,Be3g4][%mdl 32]} Qg5 33. Ne3 Bf8 34. g3 {h4 is the strong threat.} Bc5 (34... h5 $16) 35. h4 $18 {[%cal Bh2h4,Bh4h5,Bh5g6][%mdl 32]} Qf6 (35... Qe7 $142 36. h5 (36. Bxg6+ Kh8 $16) 36... Bxe3) 36. Ng4 Qg7 $2 {[#]} (36... Qd6 {was called for.}) 37. h5 Bxd5 38. hxg6+ {White has a decisive advantage.} Kh8 39. Bxd5 Rxd5 40. Qf5 Bd4 $2 {Precision: White = 67%, Black = 40%.} (40... Rd6 41. Nxe5 Rf6 42. Qc8+ Qf8 43. g7+ (43. Qxc7 Qe7 $18) 43... Kxg7 44. Qg4+ (44. Qxc7+ Qe7 $16) 44... Kh8 45. Ng6+ Rxg6 46. Qxg6 Qg7 47. Qxg7+ Kxg7) 1-0

[Event "RUS-ch Rapid Men 2018"]
[Site "Sochi"]
[Date "2018.10.05"]
[Round "3"]
[White "Alekseenko, Kirill"]
[Black "Krylov, Mikhail"]
[Result "1-0"]
[WhiteElo "2639"]
[BlackElo "2476"]
[Annotator "TA"]
[PlyCount "127"]
[EventDate "2018.10.05"]
[EventType "swiss"]
[EventCountry "RUS"]
[SourceTitle "playchess.com"]
[Source "ChessBase"]
[SourceQuality "1"]

{[%evp 29,127,33,41,23,35,41,44,0,0,-41,59,59,56,64,67,58,79,52,52,49,46,46,49,52,54,19,22,22,50,41,31,29,40,-24,21,9,212,13,45,5,13,0,0,-28,17,17,93,93,158,127,168,140,167,166,144,154,103,26,53,18,124,124,154,142,185,185,260,89,126,116,126,126,126,126,71,71,126,126,126,126,126,126,29970,29974,29974,29974,29975,29975,29976,29977,29979,29980,29980,29981,29981,29982,29982,29983,29982,29983]} 1. e4 c5 2. Nf3 e6 3. d4 cxd4 4. Nxd4 Nc6 5. Nc3 Qc7 6. Be2 a6 7. O-O Nf6 8. Be3 Be7 9. f4 d6 10. a4 O-O 11. Kh1 Re8 12. Bf3 Rb8 13. g4 Bf8 14. g5 Nd7 15. Bg2 g6 16. Qe1 {B85: Sicilian Scheveningen: 6 Be2 a6, lines with early Be3} b6 17. Nxc6 Qxc6 {[#]} 18. e5 $146 {White is slightly better.} ({Predecessor:} 18. Qh4 Bb7 19. Rad1 b5 20. Rd2 b4 21. Nd1 Qxa4 22. Nf2 Rbc8 23. b3 Qa2 {1-0 (91) Almasi,Z (2631)-Al Modiahki,M (2579) Tripoli 2004}) 18... d5 19. Ne2 Bb7 (19... Qxc2 $15 20. Nd4 Qxb2) 20. Nd4 $14 Qc7 21. h4 {[%cal Bh2h4,Bh4h5][%mdl 32]} Rbc8 22. h5 Nb8 23. Rf3 Nc6 24. c3 Nxd4 25. Bxd4 Bc5 26. Rd3 a5 27. Qh4 Ba6 28. Rd2 Qe7 29. Kh2 Bxd4 30. Rxd4 Rc4 31. Rad1 (31. Rd2 $14) 31... Rec8 32. Qf2 Qc5 $2 (32... Rxd4 $11 {and Black has nothing to worry.} 33. Rxd4 Bc4) 33. Kg3 $2 (33. Bf1 $18) 33... Qc6 ({Don't blunder} 33... gxh5 $2 34. Bf1 $18) 34. hxg6 hxg6 35. Bf3 {Qh2 is the strong threat.} Rxd4 36. Rxd4 Bc4 37. Qh2 {aiming for Rd1.} Qe8 ({Don't go for} 37... Qxa4 $2 38. Rd1 $18) (37... Bb3 $1 $11) 38. Rd1 $36 {[%mdl 2048] Hoping for Rh1. Keeping Black busy.} Kf8 (38... Qf8 $142) 39. Qh8+ Ke7 40. Qf6+ Kd7 41. Bxd5 Bxd5 {[#]} 42. Rxd5+ $1 $18 {[%mdl 4608] Endgame KQR-KQR} Kc7 (42... Kc6 $142 43. Rd4 Kb7) (42... exd5 43. Qd6#) 43. Rd4 ({Better is} 43. Rd6 $16) 43... Kb7 44. Qg7 $1 Rc7 (44... Ka6 $11) 45. Qh7 $16 Qc6 46. Qh2 Rd7 {[#]} 47. Qg2 $1 Rd5 (47... Qxg2+ $142 48. Kxg2 Kc6) 48. Kf2 $2 (48. Qf3 $18 {is more deadly.}) 48... Qc5 49. Ke2 Ka7 50. Qe4 Rxd4 51. Qxd4 {KQ-KQ} ({Reject} 51. cxd4 $6 Qc4+ 52. Ke3 Qc1+ 53. Kf3 Qh1+ 54. Ke3 Qc1+ 55. Kf3 Qh1+ 56. Ke3 Qc1+ $11) 51... Qc6 {[#]} 52. Kd3 $1 Qf3+ (52... Qg2 $142) 53. Kc2 Qc6 54. Kb3 Kb7 55. Qd6 {And now Qxc6+ would win.} Qxd6 $4 {[%mdl 8192]} (55... Qf3 $16) 56. exd6 {KP-KP. White mates.} Kc6 57. Kc4 Kxd6 58. Kd4 Kc6 59. Ke5 Kc5 60. b3 Kc6 61. Kf6 Kd5 62. Kxf7 Ke4 63. Kxe6 Kxf4 64. Kf6 {Precision: White = 54%, Black = 31%.} 1-0